| 000 | 00659nam a2200181 a 4500 | ||
|---|---|---|---|
| 001 | 000047790 | ||
| 005 | 20201002060734.0 | ||
| 008 | 180810s2017 dr a r 000 0 spa d | ||
| 040 |
_aDO-SdBNP _bspa _cBNPHU |
||
| 082 |
_axxxx _bM766a |
||
| 100 | 1 |
_aMontás de Domínguez, Margarita, _d1948- _975381 |
|
| 245 | 1 | 0 |
_aAtrévete a hacer algo por los demás / _cMargarita Montás de Domínguez ; prólogo Francisco Vega. |
| 260 |
_aSanto Domingo : _bs.n., _c[2017]. |
||
| 300 |
_a166 p. : _bil. ; _c23 cm. |
||
| 500 | _aIncluye datos biográficos del autor en la solapa de la cubierta | ||
| 590 | _aInventariado, 2020/BT | ||
| 700 | 1 |
_aVega, Francisco, _epról. _975382 |
|
| 999 |
_c47278 _d47278 |
||